Normal view MARC view
  • JKDM

Entry Personal Name

Number of records used in: 1

001 - CONTROL NUMBER

  • control field: 9332

003 - CONTROL NUMBER IDENTIFIER

  • control field: OSt

005 - DATE AND TIME OF LATEST TRANSACTION

  • control field: 20211210100600.0

008 - FIXED-LENGTH DATA ELEMENTS

  • fixed length control field: 211210|| aca||aabn | a|a d

040 ## - CATALOGING SOURCE

  • Original cataloging agency: OSt
  • Transcribing agency: OSt

100 ## - HEADING--PERSONAL NAME

  • Personal name: JKDM

670 ## - SOURCE DATA FOUND

  • Source citation: Work cat.: (OSt): JKDM, Undang-Undang Malaysia : Penetapan Tarikh Permulaan Kuat Kuasa [P.U.(B) 506/2018], Penetapan Tarikh Permulaan Kuat Kuasa [P.U.(B) 4/2019], Penetapan Tarikh Efektif Bagi Mengenakan Dan Melevikan Cukai Jualan [P.U.(B) 507/2018], Perintah Cukai Jualan (Jumlah Nilai Jualan Barang Bercukai) 2018 [209/2018], Perintah Cukai Jualan (Pengecualian Daripada Pendaftaran) 2018 [P.U.(A)208/2018], Perintah Cukai Jualan (Pengenaan Cukai Jualan Berkenaan Dengan Kawasan Ditetapkan) 2018 [P.U.(A) 206/2018],Perintah Cukai Jualan (Pengenaan Cukai Jualan Berkenaan Dengan Kawasan Ditetapkan) (Pindaan) 2019 [P.U.(A) 92/2019, Perintah Cukai Jualan (Pengenaan Cukai Jualan Berkenaan Dengan Kawasan Khas) 2018 [P.U.(A) 207/2018], Perintah Cukai Jualan Berkenaan Dengan Kawasan Khas) (Pindaan) 2018 [P.U.(A) 401/2018]
Pusat Sumber Maklumat Dato' Haji Sarmin Md Hussin, Akademi Kastam Diraja Malaysia, Melaka
Tel: 06-2331106 | Faks: 06-2313787